000 00591nam a22002057a 4500
003 SISC
005 20160404101621.0
008 130905t xxu||||| |||| 00| 0 eng d
020 _a0697127400
050 _aHQ 767.9
_b.Sa237 1993
082 _aHS 155.4
_bK33 1993
100 _aSantrock, John W.
_916677
245 _aStudent study guide children /
_cJohn W. Santrock.
250 _athird ed.
260 _aDubuque, Iowa :
_bBrown & Benmark,
_cc1993.
300 _a413 p. :
_c31 cm.
650 _aChild psychology
_xStudy & Teaching.
_916678
942 _2lcc
_cBK
999 _c10426
_d10426